Finančné trhy pre začiatočníkov
Vymedzenie pojmu platobný styk hotovostný a bezhotovostný platobný styk. Fázy platenia. Príkaz na úhradu a príkaz na inkaso. Príklad na výpočet poplatkov z oblasti založenia a vedenia bežného účtu. Nástroje bezhotovostného platenia. Zmenky, ich klasifikácia.
Guardado en:
| Autor principal: | |
|---|---|
| Formato: | Capítulo de libro |
| Lenguaje: | eslovaco |
| Materias: | |
| Etiquetas: |
Sin Etiquetas, Sea el primero en etiquetar este registro!
|
MARC
| LEADER | 00000nla$a2200000$$$4500 | ||
|---|---|---|---|
| 001 | 0046653 | ||
| 005 | 20240502071534.7 | ||
| 041 | 0 | |a slo | |
| 044 | |a SK | ||
| 245 | 1 | 0 | |a Finančné trhy pre začiatočníkov |c Ctibor Pilch |
| 520 | |a Vymedzenie pojmu platobný styk hotovostný a bezhotovostný platobný styk. Fázy platenia. Príkaz na úhradu a príkaz na inkaso. Príklad na výpočet poplatkov z oblasti založenia a vedenia bežného účtu. Nástroje bezhotovostného platenia. Zmenky, ich klasifikácia. | ||
| 610 | 2 | 0 | |a trh finančný |
| 610 | 2 | 0 | |a styk platobný |
| 610 | 2 | 0 | |a zmenky |
| 610 | 2 | 0 | |a platby bezhotovostné |
| 610 | 2 | 0 | |a platby v hotovosti |
| 100 | 1 | |a Pilch, Ctibor, 1957- | |